000
00302nam a22001217a 4500
008
230703b xxu||||| |||| 00| 0 eng d
082
_a
350
_b
SAC
100
_c
D.R. Sachdeva
245
_a
Public Administration: Concepts and Application
260
_a
New Delhi
_c
1980
300
_a
548p
942
_2
ddc
_c
BK
999
_c
3188
_d
3188